00327nam a22001217a 4500003000400000008004100004020001800045100003200063245003700095260004100132300001100173650002100184OSt201118b ||||| |||| 00| 0 eng d a9789382956013 aPuri, B.R. and Sharma, L.R. aPrinciples of Physical Chemistry aNew Delhib Vishal Publishing c2020 a1393p. aB.Sc Non Medical